| 000 | 01853nam a2200301 4500 | ||
|---|---|---|---|
| 001 | 114131 | ||
| 003 | DR-UNIBE | ||
| 005 | 20251002114114.0 | ||
| 008 | 251002b2017 dr ||||| |||| 00| 1 spa d | ||
| 020 | _a9789945603330 | ||
| 040 |
_aBIBLIOTECA UNIBE _bspa _cBIBLIOTECA UNIBE _erda |
||
| 041 | _aspa | ||
| 090 | _aFBIU-PUCMM CI M965 | ||
| 245 | 1 | 3 |
_aUn mundo mágico : _bcuentos e ilustraciones de niños y niñas dominicanos / _c presentación: Andrés Navarro García ; prólogo: Dulce Rodríguez ; coordinación de lengua española: Norma Mena ; director del Distrito Educativo 10-01: Ydelsis Morel ; edición: Denise Ocampo ; diseño de portada, diagramación y cuidado de ilustraciones: Juan José Vásquez |
| 250 | _aPrimera edición | ||
| 260 |
_aSantiago de los Caballeros : _bPontificia Universidad Católica Madre y Maestra (PUCMM) : _bCentro de Investigación y Desarrollo Humano, (CIEDI-Humano), _c2017 |
||
| 300 |
_avi, 120 páginas : _bilustraciones ; _c27 x 20 cm |
||
| 500 | _aIncluye fotos de los niños escritores de los grados de primero a sexto del nivel primario de las escuelas del distrito educativo 10-01 de Villa Mella, ganadores del concurso de cuentos para desarrollar las competencias de lectura y escritura. En la contraportada interna se lee los nombres de los jurados | ||
| 653 | 7 | _aCuentos infantiles dominicanos | |
| 653 | 7 | _aLiteratura infantil dominicana | |
| 700 | 1 | 0 |
_aNavarro García, Andrés _9141646 _epresentación |
| 700 | 1 | 0 |
_aRodríguez, Dulce _9199529 _eprologuista |
| 700 | 1 | 0 |
_aMena, Norma _9196965 _ecoordinador lengua española |
| 700 | 1 | 0 |
_aMorel, Ydelsis _9199540 _edirector Distrito Educativo 10-01 |
| 700 | 1 | 0 |
_aOcampo, Denise _9199530 _ecuidado de la edición |
| 700 | 1 | 0 |
_aVásquez, Juan José _9199531 _ediseñador de portada _ediagramador _ecuidado de las ilustraciones |
| 942 |
_2ddc _cBK |
||
| 999 |
_c114131 _d114131 |
||